000 01365nam a22002417a 4500
999 _c62109
_d62109
003 Ge_BSU
005 20240712105202.0
008 240712s2021 ge ||||| |||| 00| 0 geo d
020 _a9789941834592
041 _ageo
080 _a616.314(075.8)მ-23
100 _aმამალაძე, მარინა.
_eავტორი.
_93459
245 _aოპერაციული ოდონტოლოგია :
_b სახელმძღვანელო სტომატოლოგიის ფაკ-ტის სტუდენტებისა და რეზიდენტებისთვის. ნაწილი 1 /
_c მარინა მამალაძე, ნინო კორსანტია, ლია სანოძე.
250 _a(მე-2, შევსებული გა გადამუშავებული გამოცემა).
264 _aთბილისი :
_b თსსუ,
_c2021.
300 _a306 გვ. :
_bსურ., ცხრ. ;
_c 23 სმ.
653 _aოდონტოლოგია.
653 _aსტომატოლოგია
653 _aმედიცინა
700 _aკორსანტია, ნინო
_eავტორი
_93460
700 _aსანოძე, ლია
_eავტორი
_910188
942 _2udc
_cᲬᲘᲒᲜᲘ